Contrastación de un modelo de ciberconsumo (Record no. 179116)
[ view plain ]
| 000 -CABECERA | |
|---|---|
| campo de control de longitud fija | 01981nab a2200277 a 4500 |
| 005 - FECHA Y HORA DE LA ÚLTIMA TRANSACCIÓN | |
| campo de control | 20210219162602.0 |
| 008 - ELEMENTOS DE LONGITUD FIJA--INFORMACIÓN GENERAL | |
| campo de control de longitud fija | 991125s1985 mx 000 0 spa u |
| 035 ## - NÚMERO DE CONTROL DEL SISTEMA | |
| Número de control de sistema | UPN01000207015 |
| 049 ## - COLECCIÓN | |
| Colección | ART |
| 100 1# - ASIENTO PRINCIPAL--NOMBRE PERSONAL | |
| Nombre de persona | Carreón Guillén, Javier |
| 100 1# - ASIENTO PRINCIPAL--NOMBRE PERSONAL | |
| Filiación | javierg@unam.mx |
| 100 1# - ASIENTO PRINCIPAL--NOMBRE PERSONAL | |
| Nombre de persona | Hernández Valdés, Jorge |
| 100 1# - ASIENTO PRINCIPAL--NOMBRE PERSONAL | |
| Nombre de persona | García Lirios, Cruz |
| 100 1# - ASIENTO PRINCIPAL--NOMBRE PERSONAL | |
| Filiación | garcialirios@yahoo.com |
| 222 #0 - TÍTULO CLAVE | |
| Título clave | ENSEÑANZA E INVESTIGACION EN PSICOLOGIA |
| 245 00 - MENCIÓN DE TÍTULO | |
| Título | Contrastación de un modelo de ciberconsumo |
| 260 ## - PUBLICACIÓN, DISTRIBUCIÓN, ETC. | |
| Lugar de publicación, distribución, etc. | México |
| 300 ## - DESCRIPCIÓN FÍSICA | |
| Extensión | 218-226 |
| 362 0# - FECHAS DE PUBLICACIÓN Y/O DESIGNACIÓN SECUENCIAL | |
| Fecha de publicación y/o designación secuencial | 2015 Volumen 20, número 2, mayo-agosto |
| 520 ## - NOTA DE RESUMEN, ETC. | |
| Sumario, etc. | El consumo de productos y servicios en Internet se ha estudiado a partir de dos hipótesis , según las cuales los usuarios compran productos o contratan servicios en la medida en que la información se percibe como útil o riesgosa. Por consiguiente, la utilidad percibida supone que los protocolos de información digitales tienen mayores beneficios que costos, o bien, en comparación con otros modos de comercio, Internet resulta más compatible con estilos de vida implicados en dispositivos electrónicos. Sin embargo, la percepción de riesgo es un factor que no sólo inhibe las transferencias electrónicas, sino que además hace más selectiva la búsqueda y compra de bienes de consumo o la contratación de servicios. Precisamente, el objetivo del presente trabajo fue establecer las dimensiones de selectividad en torno al consumo electrónico. Para tal fin, se realizó una selección no probabilística de 188 internautas a los que se les aplicó un cuestionario de ciberconsumo, el cual obtuvo una consistencia interna adecuada. A partir de un modelo estructural, se estimó la validez reflectiva de cuatro indicadores del consumo en Internet. Los resultados se discuten a partir del estado actual del conocimiento |
| 653 0# - TERMINO DE INDIZACION - NO CONTROLADO | |
| Término no controlado | CIBERCONSUMO |
| 653 0# - TERMINO DE INDIZACION - NO CONTROLADO | |
| Término no controlado | INTERNET |
| 653 0# - TERMINO DE INDIZACION - NO CONTROLADO | |
| Término no controlado | RIESGO |
| 653 0# - TERMINO DE INDIZACION - NO CONTROLADO | |
| Término no controlado | SELECTIVIDAD |
| 905 ## - TIPO DE MATERIAL | |
| Tipo de material | Articulo |
No items available.
